| 000 | 00683nam a2200205Ia 4500 | ||
|---|---|---|---|
| 001 | L035-253 | ||
| 003 | IT-CnALBA | ||
| 008 | 170116s9999||||xx |||||||||||||| ||und|| | ||
| 040 |
_aIT-CnALBA _cIT-CnALBA |
||
| 041 | _aITALIANO | ||
| 100 | _aAA. VV. | ||
| 245 | 0 | _aENCICLOPEDIA DEL LIBRO D'ORO PER I RAGAZZI ITALIANI VOLL. I-XVI | |
| 250 | _a1a ed. | ||
| 260 |
_aMILANO - VERONA _bMONDADORI ARNOLDO. EDIT. _c1965 [1° Ed.:1961 - Ed.Ling.Originale: 1961] |
||
| 300 | _a1540 p. | ||
| 501 | _aSocietà San Paolo EM - Piazza San Paolo, 14 - 12051 ALBA (CN) (non commercial uses only) ® Copyright 2017 | ||
| 650 | _aENCICLOPEDIE IN ITALIANO | ||
| 942 | _cBK | ||
| 957 | _71 | ||
| 999 |
_a352 _bNO _g Copie: 1 _c259489 _d259489 |
||